[Event "IECC M email"]
[Site "IECC email"]
[Date "2002.12.14"]
[Round "?"]
[White "Cain, Charlie"]
[Black "Haet, Olivier"]
[Result "0-1"]
[WhiteElo "1565"]
[BlackElo "1475"]
[PlyCount "88"]
[EventDate "2002.??.??"]
[EventType "tourn (corr)"]
[EventRounds "6"]
[SourceTitle "Corr 2008"]
[Source "ChessBase"]
[SourceDate "2008.06.24"]
[SourceVersion "1"]
[SourceVersionDate "2008.06.24"]
[SourceQuality "1"]

1. e4 d5 2. e5 d4 3. Bc4 Bf5 4. Qf3 Qc8 5. Ne2 Nc6 6. Bb5 Bd7 7. e6 fxe6 8. d3 Nf6 9. 0-0 e5 10. Re1 g6 11. Qg3 Bg7 12. Bxc6 Bxc6 13. Qxe5 Nh5 14. Qc5 Qd7 15. Bg5 h6 16. Nf4 hxg5 17. Nxg6 Bf6 18. Nxh8 Qg4 19. g3 Nf4 20. Nd2 Qh3 21. Qxc6+ bxc6 22. gxf4 Qg4+ 23. Kh1 Qxf4 24. Re2 Bxh8 25. Rae1 Bf6 26. Ne4 Kd7 27. Nc5+ Kd6 28. Ne4+ Kd5 29. c4+ dxc3 30. Nxc3+ Bxc3 31. bxc3 Rh8 32. f3 Qxf3+ 33. Kg1 Qxd3 34. Re5+ Kd6 35. Re6+ Kc5 36. R6e5+ Kb6 37. Rxe7 Rh4 38. R7e3 Rg4+ 39. Kf2 Qf5+ 40. Rf3 Qc5+ 41. Rfe3 Qd6 42. R1e2 Qxh2+ 43. Ke1 Qh1+ 44. Kd2 Ra4 0-1

[Event "IECC M email"]
[Site "IECC email"]
[Date "2002.11.25"]
[Round "?"]
[White "Azzola, Orazio"]
[Black "Haet, Olivier"]
[Result "1-0"]
[WhiteElo "1342"]
[BlackElo "1486"]
[PlyCount "23"]
[EventDate "2002.??.??"]
[EventType "tourn (corr)"]
[EventRounds "6"]
[SourceTitle "Corr 2008"]
[Source "ChessBase"]
[SourceDate "2008.06.24"]
[SourceVersion "1"]
[SourceVersionDate "2008.06.24"]
[SourceQuality "1"]

1. e4 d5 2. exd5 Qxd5 3. Nc3 Qa5 4. d4 Nf6 5. Bd2 Qb6 6. Bc1 Bf5 7. Be2 e6 8. Nf3 Nbd7 9. Na4 Qa5+ 10. c3 g5 11. b4 Qxa4 12. Qxa4 1-0

[Event "IECC M email"]
[Site "IECC email"]
[Date "2002.04.09"]
[Round "?"]
[White "Van Gimst, Herman"]
[Black "Haet, Olivier"]
[Result "0-1"]
[WhiteElo "1414"]
[BlackElo "1457"]
[PlyCount "74"]
[EventDate "2002.??.??"]
[EventType "tourn (corr)"]
[EventRounds "6"]
[SourceTitle "Corr 2008"]
[Source "ChessBase"]
[SourceDate "2008.06.24"]
[SourceVersion "1"]
[SourceVersionDate "2008.06.24"]
[SourceQuality "1"]

1. d4 f5 2. c4 e6 3. g3 Nf6 4. Bg2 d5 5. cxd5 exd5 6. Nc3 Ne4 7. Nf3 Be7 8. 0-0 0-0 9. Bf4 c6 10. e3 Nd7 11. a3 g5 12. Be5 g4 13. Nd2 Nxe5 14. dxe5 Re8 15. f3 Nxc3 16. bxc3 Bc5 17. f4 Bxe3+ 18. Kh1 Be6 19. Nb3 Bb6 20. Nd4 Qe7 21. h3 gxh3 22. Bxh3 Qf7 23. Ra2 Kh8 24. Rh2 Bxd4 25. cxd4 Rac8 26. Kg2 b6 27. Rfh1 c5 28. g4 fxg4 29. Bxg4 Bxg4 30. Rxh7+ Qxh7 31. Rxh7+ Kxh7 32. Qh1+ Kg7 33. Kg3 Be6 34. dxc5 bxc5 35. Qh5 Kf8 36. Qg6 Rc7 37. f5 Rg7 0-1

[Event "IECC M email"]
[Site "IECC email"]
[Date "2001.11.02"]
[Round "?"]
[White "Gnuva, Luca"]
[Black "Haet, Olivier"]
[Result "0-1"]
[WhiteElo "1307"]
[BlackElo "1401"]
[PlyCount "60"]
[EventDate "2001.??.??"]
[EventType "tourn (corr)"]
[EventRounds "6"]
[SourceTitle "Corr 2008"]
[Source "ChessBase"]
[SourceDate "2008.06.24"]
[SourceVersion "1"]
[SourceVersionDate "2008.06.24"]
[SourceQuality "1"]

1. e4 e5 2. Nf3 Nc6 3. Bb5 a6 4. Ba4 Nf6 5. 0-0 Nxe4 6. d4 b5 7. Bb3 d5 8. dxe5 Be6 9. Qe2 Bc5 10. Be3 Qe7 11. c3 Bxe3 12. Qxe3 Rd8 13. Rd1 0-0 14. h3 Na5 15. Nbd2 Nxd2 16. Nxd2 c5 17. Bc2 Rfe8 18. Nf3 Nc4 19. Qe2 Nxb2 20. Bxh7+ Kxh7 21. Qxb2 Bf5 22. Re1 Be4 23. Rad1 Bxf3 24. gxf3 Qg5+ 25. Kh2 Rxe5 26. Qb1+ Kg8 27. Rxe5 Qxe5+ 28. Kg2 Qxc3 29. Rd3 Qf6 30. Qe1 Qg6+ 0-1